Feuding and warfare : selected works of Keith F. Otterbein

Αποθηκεύτηκε σε:
Λεπτομέρειες βιβλιογραφικής εγγραφής
Κύριος συγγραφέας: Otterbein, Keith F.
Μορφή: Βιβλίο
Γλώσσα:English
Δημοσίευση: Australia : Gordon and Breach Publishers, c1994
Σειρά:War and society ; ; 1
Θέματα:
Ετικέτες: Προσθήκη ετικέτας
Δεν υπάρχουν, Καταχωρήστε ετικέτα πρώτοι!

MARC

LEADER 00000nam a2200000 i 4500
001 1/18528
008 981019s1994 eng d
020 |a 2-88124-621-4 
035 |l 10020945 
040 |a GR-MY-UA  |b gre  |e aacr 
041 0 |a eng 
082 0 |a 303.66 
100 1 |a Otterbein, Keith F. 
245 1 0 |a Feuding and warfare :  |b selected works of Keith F. Otterbein /  |c Edited by Keith F. Otterbein ; foreword by R. Brian Freguson 
260 |a Australia :   |b Gordon and Breach Publishers,   |c c1994 
300 |a 215 p.  |b tabl. 
490 1 |a War and society  |v ; 1  |x 1069-8043 
504 |a Includes bibliographical references and index 
650 0 0 |a War. 
650 0 0 |a Vendetta  |x Cross-cultural studies. 
650 0 0 |a Violence  |x Cross-cultural studies. 
830 0 |a War and society ;  |v ; 1  |x 1069-8043 
852 |a INST  |b LESVOS  |e 19981019  |h 303.66 OTT  |p 005100018430  |q 005100018430  |t BK  |y 0 
901 |a BIBL-1999-1 
909 |a Λ  |b 059429 
922 |a 1ΕΛΗ  |b 199809  |c ΚΠΣ/ΤΚΑ  |d ΠΑΠΑΣΩΤΗΡΙΟΥ 
950 |a 117-1998-07-11